000 00394nam a22001577a 4500
003 BD-DhUIB
005 20251103193226.0
008 251103b |||||||| |||| 00| 0 eng d
040 _aBD-DhUIB
_cBD-DhUIB
050 _a658.0072
082 _222
100 _aSaunders, Mark.
_9178
245 _aResearch methods for business students/
_cby Mark, Saunders.
250 _a7th ed.
942 _2ddc
_cBK
999 _c652
_d652